| 000 | 00513nam a22001817a 4500 | ||
|---|---|---|---|
| 003 | CEME | ||
| 005 | 20210628202435.0 | ||
| 008 | 210122b xxu||||| |||| 00| 0 eng d | ||
| 020 | _a0-12-265340-8 | ||
| 040 | _c. | ||
| 082 | _a512.55 FRA | ||
| 100 |
_aFrappat, Luc Sciarrino , Antonino Sorba , Paul _959904 |
||
| 245 | _aDictionary on lie algebras and superalgebras | ||
| 260 |
_aNEW YORK _bACADEMIC PRESS _c2000 |
||
| 300 | _aXXI,410 P | ||
| 650 |
_aLIE ALGEBRAS AND SUPERALGEBRAS _959905 |
||
| 942 |
_cBK _2ddc |
||
| 999 |
_c569774 _d569774 |
||